| 000 | 00973nam a2200253Ia 4500 | ||
|---|---|---|---|
| 003 | Ost | ||
| 005 | 20260507075542.0 | ||
| 008 | 260507s9999||||xx |||||||||||||| ||und|| | ||
| 020 | _a9772087669 | ||
| 040 | _cfsecg | ||
| 041 | _aara | ||
| 082 | _a332.4 | ||
| 100 |
_aأمين، حسين _eمؤلف |
||
| 245 | 0 |
_aالمال و طبيعة البشر / _c حسين أمين |
|
| 246 | _aMONEY-AND HUMAN NATURE | ||
| 250 | _aطبعة 3 | ||
| 260 |
_aالقاهرة: _bمكتبة مدبولي, _c2009 |
||
| 300 |
_a221 صفحة؛ _bإيضاحات ؛ _c24 سم |
||
| 520 | _aيضم تاريخ وأصل النقود آلة المال، طبائع الإنسان والرغبة في الخصوصية والتمليك، عربة واحدة وألف طريق، المال والنساء، المال والأسرة الخلية الأساسية لكل البشر | ||
| 653 | _aالأموال | ||
| 653 | _aالإنسان | ||
| 653 | _aالنقود | ||
| 942 | _cكتاب | ||
| 999 |
_c44872 _d44872 |
||